00505nam a22001697a 450000500170000001000150001702000260003203500140005803700130007208200060008510000160009124500680010726000510017527000620022630000220028850000250031020190401150647.0 aENG-124972 c195.00a9789352961856 aEN-108504 bDBAD/PUB aN aVarun Singh aScrewed:cby Varun Singhbworkplace romance? try it and get.../ aNew DelhibDiamond Pocket Books (P) Ltd.c2018 bNew Delhie110020aX-30, Okhla Industrial Area, Phase-II, a186p.c21cm.(pbk) aIt includes Epilogue